00865nam a22002657a 45000010005000000030006000050050017000110080041000280200018000690400029000870500015001160820011001311000024001422450063001662500035002292600038002643000060003024900032003625050008003945200088004025210020004905210020005106500036005307000033005665553FISKH20241217140653.0241217b cb ||||| |||| 00| 0 eng d a9780545664790 aFISKHbengcFISKHdFISKH aKF8745.S67 a347.73 aAnderson, AnnMarie  aWhen I grow up :bSonia Sotomayor / cby AnnMarie Anderson aFirst printing, September 2014 aNew York : bScholastic ; c2014. a32 unnumbered pages : bcolor illustrations ;c24 cm .  aScholastic reader vLevel 3 aS  aProvides a first person account of the life and accomplishments of Sonia Sotomayor.8 a790 bLexile 8 aS bRaz-Plus  ahistorical figuresvNon-fiction aKelly, Gerald eillustrator